000 00691nam a2200157 a 4500
008 120416s1983 ||||||||||||||||| || u
050 _aTS 155 Buf
100 _aBuffa, Elwood Spencer, 1923-
245 1 0 _aModern production (and) operations management (7th ed.)
250 _a7th ed.
260 _aNew York
_bJohn Wiley and Sons
_c1983
300 _axv, 681p. : ill.
350 _a0.00
995 _aMAIN LIBRARY OPEN ACCESS
_D0.00
_e017564
_FCBU-MAIN LIBRARY (Kitwe)
_H2
_I0.00
_jTS 155 Buf
_ULOST
_y017564
_ZMain Library Open Access Collection
995 _aTEXTBOOKS (SB)
_D0.00
_e1106
_FCBU-SCHOOL TEXTBOOK COLLECTIONS
_H1
_I0.00
_jSCHOOL TEXTBOOK
_M3
_UAVAILABLE
_WSep 14, 2009
_y1106
_ZSchool Collections
999 _c77606
_d77606